International Handbook of Universities and Other Institutions of Higher Education ; Ed. D.J. Aitken

Enregistré dans:
Détails bibliographiques
Autres auteurs: Aitken, D.J (zos)
Format: Livre
Langue:anglais
Publié: Berlin de Gruyter 1983
Édition:9. ed.
Sujets:
Accès en ligne:Voir à l'OPAC
Tags: Ajouter un tag
Pas de tags, Soyez le premier à ajouter un tag!

MARC

LEADER 00000nam a2200000 a 4500
005 20260127134105.0
008 160404s1983 DE 0 eng c
035 |a vtls009514125 
039 9 |a 201604041237  |b VLOAD  |y 200905191038  |z mschk03 
040 |a STUSCHK1  |b slo  |c STUSCHK1  |e AACR2 
041 0 |a eng 
044 |a DE 
080 |a 378.4(100)  |2 1. stred. slo 
080 |a 378.6(100)  |2 1. stred. slo 
245 1 |a International Handbook of Universities and Other Institutions of Higher Education ; Ed. D.J. Aitken 
250 |a 9. ed. 
260 |a Berlin  |b de Gruyter  |c 1983 
300 |a ix, 1131 s.  |c 29 cm 
650 0 1 |a univerzity  |a školy vysoké  |x príručky 
700 1 |a Aitken, D.J.  |4 zos 
910 |a SCHK95 
958 |a RK 
999 |c 3851  |d 3851